000 00698nab a2200205 a 4500
005 20210219155906.0
008 991125s1985 mx 000 0 spa u
035 _aUPN01000154382
100 1 _aPrados Gallardo, María del Mar
222 _aINVESTIGACION EN LA ESCUELA
245 _aUn acercamiento a la construcción del conocimiento en las aulas universitarias a partir del análisis del discurso de profesores y alumnos
260 _aSevilla, España
300 _a47-60
362 0 _a2007 No. 62
653 0 _aPROCESO ENSEÑANZA-APRENDIZAJE
653 0 _aEDUCACION SUPERIOR
653 0 _aAPRENDIZAJE SIGNIFICATIVO
700 1 _aCubero Pérez, Rosario,
_ecoaut.
905 _aArticulo
999 _c126499
_d126499